000 00768nab a2200241 u 4500
001 15864
003 HDC
007 cr bn ---aaaaa
008 210219c20080417my dr|noo 0 a may d
040 _aHDC
245 0 _aJihad 'Halal' - jangan cakap saja!
260 _a[No place] :
_b[publisher not identified],
_c2008
336 _atext
_2rdacontent
337 _acomputer
_2rdamedia
338 _aonline resource
_2rdacarrier
650 _aHalal food
_zMalaysia
_9332
650 _ahalal industry
_9144
710 _aBernama
856 _zRequest full-text at [email protected]
942 _2lcc
942 _cNEWS
942 _kNWSO 005602
999 _c13180
_d13180